000
00339nam a2200133Ia 4500
008
240624s9999 xx 000 0 und d
041
_a
eng
082
_a
658.4092 SIN
100
_a
SINGH KAMAL
245
_a
BEST OF THE BEST INSIGHTS FROM LEADING I
260
_c
2005
_a
New Delhi
_b
Excel Books
300
_a
v, : 191p. ; 21cm.
365
_c
RS
999
_c
3708
_d
3708